[Event "Plzen, JF C"]
[Site "?"]
[Date "1998.??.??"]
[Round "8"]
[White "Papapostoulou, Ch"]
[Black "Krischke, A."]
[Result "1-0"]
[WhiteElo "2180"]
[BlackElo "2165"]
[PlyCount "35"]
[EventDate "1998.??.??"]
[Source "ChessBase"]
[SourceDate "1996.11.15"]

1. e4 c6 2. d4 d5 3. e5 Bf5 4. Nf3 e6 5. Be2 c5 6. O-O Nc6 7. c3 Qb6 8. dxc5
Bxc5 9. b4 Be7 10. Be3 Qc7 11. Nbd2 f6 12. Qa4 Kf7 13. exf6 Bxf6 14. b5 Na5 15.
Rac1 Ne7 16. g4 Bg6 17. g5 Bxc3 18. Bf4 1-0

[Event "Plzen, JF C"]
[Site "?"]
[Date "1998.??.??"]
[Round "8"]
[White "Marik, P."]
[Black "Hajek, J."]
[Result "1-0"]
[WhiteElo "2060"]
[BlackElo "2055"]
[PlyCount "81"]
[EventDate "1998.??.??"]
[Source "ChessBase"]
[SourceDate "1996.11.15"]

1. e4 Nf6 2. Nc3 d5 3. exd5 Nxd5 4. d4 Bf5 5. Nxd5 Qxd5 6. Nf3 Qe4+ 7. Be3 e6
8. c3 Be7 9. Qa4+ c6 10. Be2 O-O 11. O-O Nd7 12. Rac1 Nb6 13. Qb3 Rac8 14. Ne5
Qh4 15. Bf3 Bg5 16. c4 Bxe3 17. fxe3 Qe7 18. e4 Bg6 19. c5 Na8 20. Nc4 Rb8 21.
Qc3 Nc7 22. Nd6 b5 23. b4 Ra8 24. Ra1 a6 25. Rfd1 Ra7 26. a4 Rfa8 27. Ra2 bxa4
28. Rxa4 Nb5 29. Qc4 Nxd6 30. cxd6 Qxd6 31. e5 Qe7 32. Rda1 Rb8 33. Rxa6 Rab7
34. Rxc6 Rf8 35. b5 h6 36. b6 Qg5 37. Rc8 Qe3+ 38. Kh1 Be4 39. Rxf8+ Kxf8 40.
Ra8+ Ke7 41. Qc5+ 1-0

[Event "Plzen, JF C"]
[Site "?"]
[Date "1998.??.??"]
[Round "8"]
[White "Tsimafeyevas, S."]
[Black "Steppuhn, T."]
[Result "1-0"]
[WhiteElo "2015"]
[BlackElo "2160"]
[PlyCount "141"]
[EventDate "1998.??.??"]
[Source "ChessBase"]
[SourceDate "1996.11.15"]

1. c4 e6 2. Nc3 b6 3. e4 Bb7 4. d4 Bb4 5. d5 f5 6. exf5 exd5 7. cxd5 Qe7+ 8.
Be2 Nf6 9. Bg5 O-O 10. Nf3 Re8 11. Bxf6 gxf6 12. Rc1 Qe4 13. a3 Bxc3+ 14. Rxc3
Qxf5 15. Nd4 Qxd5 16. Rg3+ Kh8 17. O-O Nc6 18. Nb5 Qxd1 19. Bxd1 Rac8 20. Bf3
a6 21. Nc3 Re5 22. Rd1 Na5 23. Be2 d6 24. b4 Nc6 25. Bc4 Rce8 26. h3 Re1+ 27.
Rxe1 Rxe1+ 28. Kh2 Ne7 29. Ne2 d5 30. Bd3 Rc1 31. Re3 Ng6 32. Bxg6 hxg6 33. Re7
Re1 34. Rxc7 Rxe2 35. Rxb7 Re6 36. Rd7 b5 37. Rxd5 Kg7 38. Rd7+ Kh6 39. Ra7 f5
40. g3 Kg5 41. Kg2 Kf6 42. h4 Rc6 43. Kf1 Re6 44. Rc7 Rd6 45. Ke2 Ke5 46. Rc3
Kf6 47. f3 Ke6 48. Ke3 Kf6 49. g4 fxg4 50. fxg4 Ke6 51. Ke4 Rb6 52. Rc5 Rd6 53.
h5 gxh5 54. Rxh5 Kf7 55. Re5 Rd1 56. Rd5 Re1+ 57. Kf4 Re6 58. g5 Kg6 59. Rf5
Rc6 60. Rc5 Re6 61. Rc8 Rb6 62. Rg8+ Kf7 63. Rh8 a5 64. Rh6 Rb8 65. Kf5 axb4
66. axb4 Rd8 67. Rh7+ Kg8 68. Rb7 Rd5+ 69. Kg6 Rd6+ 70. Kh5 Rd5 71. Kh6 1-0

[Event "Plzen, JF C"]
[Site "?"]
[Date "1998.??.??"]
[Round "8"]
[White "Hercik, J."]
[Black "Palkova, H."]
[Result "1/2-1/2"]
[WhiteElo "1870"]
[BlackElo "2045"]
[PlyCount "119"]
[EventDate "1998.??.??"]
[Source "ChessBase"]
[SourceDate "1996.11.15"]

1. e4 c5 2. Nc3 e6 3. Bc4 a6 4. a4 Qc7 5. d3 Nc6 6. f4 d6 7. Nf3 g6 8. Bd2 Bg7
9. O-O Nge7 10. Qe2 O-O 11. Qf2 Bd7 12. Rae1 Nd4 13. Qh4 Nec6 14. Ng5 h6 15.
Nh3 f6 16. f5 g5 17. Qg4 Rae8 18. fxe6 Bxe6 19. Bxe6+ Rxe6 20. Nd5 Qf7 21. c3
Ne5 22. Qd1 Ndc6 23. Bxg5 hxg5 24. Nxg5 fxg5 25. Rxf7 Nxf7 26. Qg4 Rh6 27. Rf1
Be5 28. g3 Bg7 29. Qd7 Nce5 30. Qxb7 g4 31. Ne7+ Kh8 32. Nf5 Nf3+ 33. Rxf3 gxf3
34. Nxh6 Bxh6 35. Kf2 Ne5 36. h3 Be3+ 37. Kf1 f2 38. Qe7 Rf7 39. Qe6 Kg7 40. h4
Rf6 41. Qe7+ Rf7 42. Qe6 Nf3 43. Qg4+ Bg5 44. Kxf2 Ne5+ 45. Qf5 Rxf5+ 46. exf5
Nxd3+ 47. Ke2 Nc1+ 48. Kf3 Bf6 49. Ke4 Ne2 50. Kd5 Be5 51. g4 Nf4+ 52. Kc6 Nd3
53. b3 a5 54. g5 Nf4 55. c4 Kf7 56. Kb5 Bc3 57. Kc6 Be5 58. Kb5 Bc3 59. Kc6 Be5
60. Kb5 1/2-1/2

[Event "Plzen, JF C"]
[Site "?"]
[Date "1998.??.??"]
[Round "8"]
[White "Novacek, K."]
[Black "Voehringer, A."]
[Result "1-0"]
[WhiteElo "2095"]
[BlackElo "2010"]
[PlyCount "31"]
[EventDate "1998.??.??"]
[Source "ChessBase"]
[SourceDate "1996.11.15"]

1. e4 e6 2. Nc3 d5 3. g3 Bd7 4. exd5 exd5 5. Nxd5 Bc6 6. Qe2+ Ne7 7. Nxe7 Bxe7
8. Nf3 Nd7 9. Bg2 Nf6 10. O-O O-O 11. d4 Re8 12. c3 Qd7 13. Ne5 Bb5 14. c4 Qxd4
15. cxb5 Bd6 16. Nf3 1-0

[Event "Plzen, JF C"]
[Site "?"]
[Date "1998.??.??"]
[Round "8"]
[White "Mitzka, F."]
[Black "Jenc, M."]
[Result "0-1"]
[WhiteElo "2035"]
[BlackElo "1845"]
[PlyCount "104"]
[EventDate "1998.??.??"]
[Source "ChessBase"]
[SourceDate "1996.11.15"]

1. e4 c5 2. Nf3 d6 3. d4 cxd4 4. Nxd4 Nf6 5. Nc3 g6 6. Be3 Bg7 7. f3 Nc6 8. Bc4
O-O 9. Qd2 Bd7 10. Bb3 Qa5 11. h4 h5 12. O-O-O Rfc8 13. g4 hxg4 14. h5 gxh5 15.
Nf5 Bxf5 16. exf5 Nd4 17. Bh6 Nxf3 18. Qf4 Qe5 19. Kb1 Qxf4 20. Bxf4 Kf8 21.
Nd5 h4 22. Rhf1 Ne5 23. Bg5 h3 24. Bh4 Rc5 25. Bg3 Nxd5 26. Bxd5 Rac8 27. c3
R8c7 28. Bb3 Nc4 29. Rd3 b5 30. Rf4 Ne5 31. Rd1 Bh6 32. Rff1 Nf3 33. f6 Nd2+
34. Kc2 Nxf1 35. fxe7+ Ke8 36. Rxf1 Rxe7 37. Bxd6 Re2+ 38. Kb1 Rc4 39. a4 Rce4
40. axb5 Re1+ 41. Rxe1 Rxe1+ 42. Ka2 Re2 43. Bd5 Bg7 44. c4 Bxb2 45. Kb3 Be5
46. Bc5 Bb8 47. Kc3 g3 48. Kd3 Re5 49. Bc6+ Kd8 50. Bd4 g2 51. Kd2 Re6 52. Bd5
Rd6 0-1

[Event "Plzen, JF C"]
[Site "?"]
[Date "1998.??.??"]
[Round "8"]
[White "Hroch, J."]
[Black "Pfriender, H."]
[Result "1-0"]
[WhiteElo "2035"]
[BlackElo "2010"]
[PlyCount "43"]
[EventDate "1998.??.??"]
[Source "ChessBase"]
[SourceDate "1996.11.15"]

1. e4 d5 2. exd5 Nf6 3. d4 Nxd5 4. c4 Nb6 5. Nf3 Bg4 6. Be2 c6 7. b3 e6 8. O-O
Be7 9. Bb2 O-O 10. Ne5 Bxe2 11. Qxe2 N8d7 12. Nc3 Nxe5 13. dxe5 Qc7 14. Ne4 Nd7
15. f4 Rae8 16. f5 Nxe5 17. f6 Bxf6 18. Rxf6 Ng6 19. Raf1 e5 20. Qh5 Nf4 21.
R6xf4 exf4 22. Nf6+ 1-0

[Event "Plzen, JF C"]
[Site "?"]
[Date "1998.??.??"]
[Round "8"]
[White "Kalista, K."]
[Black "Vojir, V jn"]
[Result "1/2-1/2"]
[WhiteElo "1910"]
[BlackElo "1800"]
[PlyCount "97"]
[EventDate "1998.??.??"]
[Source "ChessBase"]
[SourceDate "1996.11.15"]

1. Nf3 f5 2. e4 fxe4 3. Ng5 Nf6 4. d3 d5 5. dxe4 Nxe4 6. Nxe4 dxe4 7. Qh5+ g6
8. Qe5 Rg8 9. Bc4 Bg7 10. Qxe4 Rf8 11. O-O Qd4 12. Nc3 Qxe4 13. Nxe4 Bf5 14.
Ng5 h6 15. Ne6 Bxe6 16. Bxe6 Nd7 17. Be3 Rf6 18. Bh3 Rc6 19. c3 b6 20. Rfe1 g5
21. Bf5 Rd8 22. Re2 Bf6 23. Rae1 Kf7 24. Bd4 Rd6 25. g4 c5 26. Bxf6 exf6 27.
Re7+ Kf8 28. Rh7 Ne5 29. Kg2 Rd2 30. Rxh6 R8d6 31. Rh8+ Kg7 32. Rh7+ Kf8 33.
Rxa7 Rxb2 34. a4 Rdd2 35. Rf1 Rb3 36. Rb7 Rbb2 37. Ra7 c4 38. Be6 Nd3 39. Rf7+
Ke8 40. Bxc4 Ne5 41. Rxf6 Nxc4 42. Re1+ Re2 43. Rxe2+ Rxe2 44. Rc6 Re4 45. f3
Rf4 46. Rg6 Ne3+ 47. Kg3 Nf1+ 48. Kg2 Ne3+ 49. Kg3 1/2-1/2

[Event "Plzen, JF C"]
[Site "?"]
[Date "1998.??.??"]
[Round "8"]
[White "Bantle, M."]
[Black "Smid, J."]
[Result "1-0"]
[WhiteElo "2040"]
[BlackElo "1910"]
[PlyCount "79"]
[EventDate "1998.??.??"]
[Source "ChessBase"]
[SourceDate "1996.11.15"]

1. d4 d5 2. Nf3 g6 3. e3 Bg7 4. Be2 Nf6 5. b3 O-O 6. Bb2 c5 7. O-O cxd4 8. exd4
Bf5 9. Nbd2 Qc7 10. c4 Nc6 11. Nh4 Bd7 12. Bd3 Ng4 13. Nhf3 Nxd4 14. Bxd4 Bxd4
15. Rc1 Rac8 16. Qe2 Bf6 17. cxd5 Qa5 18. h3 Nh6 19. Ne4 Qxd5 20. Nxf6+ exf6
21. Bc4 Qf5 22. Qd2 Kg7 23. Nh4 Qg5 24. Qxd7 Rcd8 25. Qxb7 Qxh4 26. Rcd1 Qf4
27. Rd7 g5 28. Rfd1 Rxd7 29. Qxd7 g4 30. Qd6 Qg5 31. Rd3 Nf5 32. Qc5 Qc1+ 33.
Kh2 Qf4+ 34. g3 Qg5 35. hxg4 Qxg4 36. Rd5 Qh5+ 37. Kg2 Kg6 38. Bd3 Rc8 39.
Bxf5+ Kg7 40. Bxc8 1-0

[Event "Plzen, JF C"]
[Site "?"]
[Date "1998.??.??"]
[Round "8"]
[White "Gruss, H."]
[Black "Nold, M."]
[Result "1-0"]
[WhiteElo "1860"]
[BlackElo "2020"]
[PlyCount "101"]
[EventDate "1998.??.??"]
[Source "ChessBase"]
[SourceDate "1996.11.15"]

1. e4 c5 2. Nf3 Nc6 3. b3 d6 4. Bb2 Nf6 5. Nc3 e6 6. Bb5 Bd7 7. O-O a6 8. Bxc6
Bxc6 9. Re1 Qc7 10. d4 cxd4 11. Nxd4 Be7 12. Qd3 O-O 13. f3 Rfd8 14. Nxc6 bxc6
15. Ba3 Qa5 16. Na4 Nh5 17. Rad1 Qg5 18. Qf1 Kf8 19. Bc1 Qa5 20. Bd2 Qc7 21. c4
d5 22. Be3 Rab8 23. exd5 exd5 24. cxd5 cxd5 25. Rc1 Qa5 26. Qd3 Nf6 27. Bd4 Qb5
28. Qe3 Rb7 29. Qe5 Bd6 30. Qe3 Re8 31. Qf2 Rxe1+ 32. Rxe1 Re7 33. Rxe7 Kxe7
34. Bc5 Bxc5 35. Qxc5+ Qxc5+ 36. Nxc5 a5 37. Nb7 a4 38. bxa4 d4 39. Kf2 Nd5 40.
a5 Kd7 41. Ke2 Nc3+ 42. Kd3 Nxa2 43. Kxd4 Kc7 44. Nc5 Nb4 45. Kc4 Nc6 46. a6
Kb6 47. Kd5 Nb4+ 48. Kc4 Nxa6 49. Nxa6 Kxa6 50. Kc5 h5 51. Kd6 1-0

[Event "Plzen, JF C"]
[Site "?"]
[Date "1998.??.??"]
[Round "8"]
[White "Foglar, S."]
[Black "Vojir, V sn"]
[Result "1-0"]
[WhiteElo "2065"]
[BlackElo "1815"]
[PlyCount "125"]
[EventDate "1998.??.??"]
[Source "ChessBase"]
[SourceDate "1996.11.15"]

1. e4 c6 2. d3 d5 3. Nd2 dxe4 4. dxe4 e5 5. Bc4 Nf6 6. Ngf3 Bd6 7. h3 Qe7 8.
O-O O-O 9. Re1 Be6 10. b3 h6 11. a4 Nbd7 12. a5 b5 13. Bxe6 Qxe6 14. Bb2 a6 15.
Qe2 Rfe8 16. Nf1 Qe7 17. Ng3 g6 18. Red1 Rad8 19. Qd2 Nc5 20. Qe3 Kh7 21. Ba3
Ncxe4 22. Nxe4 Nxe4 23. Qxe4 Bxa3 24. Rxd8 Rxd8 25. Qxe5 f6 26. Qc3 c5 27. Re1
Qd6 28. Qe3 c4 29. bxc4 bxc4 30. Qe4 Bb4 31. Re2 Qd1+ 32. Kh2 Qd6+ 33. g3 c3
34. Qc4 Kg7 35. Re6 Qd5 36. Qxd5 Rxd5 37. Rxa6 Rxa5 38. Rxa5 Bxa5 39. Kg2 Bb6
40. Ng1 Kf7 41. Ne2 Ba5 42. g4 f5 43. Kf3 fxg4+ 44. hxg4 Kf6 45. Kf4 Bc7+ 46.
Ke4 Kg5 47. f3 Ba5 48. Nd4 Kh4 49. Nc6 Bc7 50. Ne7 Kg5 51. Nd5 Ba5 52. Ne3 Bc7
53. Nd5 Ba5 54. Ke5 h5 55. gxh5 Kxh5 56. f4 Kh6 57. Kf6 Bd8+ 58. Kf7 Ba5 59.
Ne7 g5 60. f5 g4 61. f6 Kg5 62. Ke6 g3 63. f7 1-0

[Event "Plzen, JF C"]
[Site "?"]
[Date "1998.??.??"]
[Round "8"]
[White "Sladek, J."]
[Black "Straka, Z."]
[Result "1-0"]
[WhiteElo "1870"]
[BlackElo "1915"]
[PlyCount "85"]
[EventDate "1998.??.??"]
[Source "ChessBase"]
[SourceDate "1996.11.15"]

1. e4 e6 2. d4 d5 3. exd5 exd5 4. c4 Nf6 5. Bd3 dxc4 6. Bxc4 Be7 7. Nf3 O-O 8.
h3 Nbd7 9. O-O Nb6 10. Bd3 Nbd5 11. Nc3 b6 12. Re1 Bb7 13. Bg5 h6 14. Bh4 Nf4
15. Bxf6 Bxf6 16. Be4 Bxe4 17. Rxe4 g5 18. h4 Qd6 19. g3 Ne6 20. hxg5 hxg5 21.
Rg4 Rad8 22. Ne4 Qe7 23. Qd2 Rd5 24. Nc3 Rd7 25. Kg2 Rfd8 26. Qe3 c6 27. Re1
Kf8 28. Ne5 Rxd4 29. Rxd4 Rxd4 30. Nxc6 Qb7 31. Qf3 Rd6 32. Nd4 Qxf3+ 33. Nxf3
Bxc3 34. bxc3 Rd3 35. Rc1 f6 36. Ne1 Rd2 37. Ra1 Kg7 38. a4 Nc5 39. Ra3 f5 40.
Nf3 Kf6 41. Nxd2 Ke5 42. Nf3+ Kf6 43. a5 1-0

[Event "Plzen, JF C"]
[Site "?"]
[Date "1998.??.??"]
[Round "8"]
[White "Janke, G."]
[Black "Tenk, P."]
[Result "1/2-1/2"]
[WhiteElo "2005"]
[BlackElo "1835"]
[PlyCount "32"]
[EventDate "1998.??.??"]
[Source "ChessBase"]
[SourceDate "1996.11.15"]

1. Nf3 Nf6 2. d4 d6 3. Bf4 Nbd7 4. e3 g6 5. Bd3 Bg7 6. O-O O-O 7. c3 Re8 8. Bg5
c6 9. Nbd2 Qc7 10. Qc2 a5 11. e4 e5 12. Rac1 b5 13. a3 h6 14. Bxf6 Bxf6 15. b4
Kg7 16. Nb3 a4 1/2-1/2

[Event "Plzen, JF C"]
[Site "?"]
[Date "1998.??.??"]
[Round "9"]
[White "Stets, D."]
[Black "Orsag, M."]
[Result "1-0"]
[WhiteElo "2435"]
[BlackElo "2140"]
[PlyCount "79"]
[EventDate "1998.??.??"]
[Source "ChessBase"]
[SourceDate "1996.11.15"]

1. e4 c5 2. Nf3 Nc6 3. d4 cxd4 4. Nxd4 e5 5. Nb5 d6 6. N1c3 a6 7. Na3 b5 8. Nd5
Nf6 9. Bg5 Be7 10. Bxf6 Bxf6 11. c3 O-O 12. Nc2 Rb8 13. h4 a5 14. a3 Be6 15.
Nce3 b4 16. axb4 axb4 17. Ra6 Qc8 18. Bc4 Bd8 19. Qd3 bxc3 20. bxc3 Ra8 21. g3
Na5 22. O-O Bxd5 23. exd5 Nb7 24. Rc6 Qh3 25. Qb1 Na5 26. Rxd6 f5 27. Be2 Bxh4
28. gxh4 f4 29. Qe4 fxe3 30. Qxe3 Qxh4 31. Qg3 Qe7 32. Re6 Qd8 33. Qxe5 Ra7 34.
Bb5 Qh4 35. Qg3 Qh5 36. Re5 Qh6 37. Rfe1 Raf7 38. R1e2 Rf6 39. Rg5 Nb7 40. Re7
1-0

[Event "Plzen, JF C"]
[Site "?"]
[Date "1998.??.??"]
[Round "9"]
[White "Zimmerman, Y."]
[Black "Michalek, J."]
[Result "1-0"]
[WhiteElo "2340"]
[BlackElo "2300"]
[PlyCount "109"]
[EventDate "1998.??.??"]
[Source "ChessBase"]
[SourceDate "1996.11.15"]

1. d4 Nf6 2. c4 g6 3. Nc3 Bg7 4. e4 d6 5. f4 O-O 6. Nf3 Na6 7. Bd3 e5 8. fxe5
dxe5 9. d5 c6 10. O-O Qe7 11. Kh1 h6 12. a3 c5 13. Rb1 Bd7 14. Be2 Ne8 15. b4
Nd6 16. Be3 b6 17. Nd2 Rfc8 18. bxc5 Nxc5 19. a4 Ncb7 20. Nb5 h5 21. Qc2 Bf8
22. Nxd6 Qxd6 23. a5 Qa3 24. a6 Nc5 25. Bg5 Ba4 26. Qb2 Qxb2 27. Rxb2 Re8 28.
g4 hxg4 29. Bxg4 Bd7 30. Bxd7 Nxd7 31. Nb3 Bg7 32. c5 bxc5 33. Rc2 Rac8 34.
Rfc1 Bf8 35. Be3 Nb8 36. Nxc5 Bxc5 37. Rxc5 Rxc5 38. Rxc5 Nxa6 39. Ra5 Nb4 40.
Rxa7 Rb8 41. Bg5 Nd3 42. d6 Nf2+ 43. Kg2 Nxe4 44. Be7 Nc5 45. Bf6 e4 46. d7 Ne6
47. Ra6 Nc5 48. Rd6 Nxd7 49. Rxd7 Kf8 50. Kg3 Rb3+ 51. Kg4 Rb8 52. Kf4 Re8 53.
Ke3 Kg8 54. Rd4 Kh7 55. Rxe4 1-0

[Event "Plzen, JF C"]
[Site "?"]
[Date "1998.??.??"]
[Round "9"]
[White "Piza, V."]
[Black "Papapostoulou, Ch"]
[Result "1-0"]
[WhiteElo "2305"]
[BlackElo "2180"]
[PlyCount "75"]
[EventDate "1998.??.??"]
[Source "ChessBase"]
[SourceDate "1996.11.15"]

1. d4 Nf6 2. c4 g6 3. Nc3 Bg7 4. e4 d6 5. f3 O-O 6. Be3 e5 7. d5 c6 8. Qd2 cxd5
9. cxd5 Ne8 10. Bd3 f5 11. exf5 gxf5 12. Nge2 Nd7 13. O-O Nc5 14. Bc2 a5 15. f4
b6 16. Rab1 Bd7 17. b3 Kh8 18. a3 exf4 19. Nxf4 Nf6 20. Bd4 Qe7 21. Rbe1 Nfe4
22. Nxe4 fxe4 23. b4 axb4 24. axb4 Nd3 25. Bxg7+ Qxg7 26. Rxe4 Ne5 27. Ree1 Bb5
28. Ne6 Rxf1+ 29. Rxf1 Qe7 30. Rf4 Rg8 31. h3 Bd7 32. Bb3 h5 33. Kh2 Be8 34.
Qe2 Bd7 35. Rf5 Qh4 36. Bc2 Qg3+ 37. Kh1 Be8 38. Qf2 {(cerny prohral na cas)}
1-0

[Event "Plzen, JF C"]
[Site "?"]
[Date "1998.??.??"]
[Round "9"]
[White "Tupy, M."]
[Black "Kuljabin, V."]
[Result "1/2-1/2"]
[WhiteElo "2210"]
[BlackElo "2420"]
[PlyCount "89"]
[EventDate "1998.??.??"]
[Source "ChessBase"]
[SourceDate "1996.11.15"]

1. e4 c5 2. Nf3 d6 3. d4 cxd4 4. Nxd4 Nf6 5. Nc3 g6 6. Be3 Bg7 7. f3 O-O 8. Qd2
Nc6 9. Bc4 Bd7 10. O-O-O Rc8 11. Bb3 Na5 12. Kb1 Nc4 13. Bxc4 Rxc4 14. g4 b5
15. h4 b4 16. Nce2 a5 17. Bh6 e5 18. Bxg7 Kxg7 19. Nb3 Qc7 20. h5 Rc8 21. hxg6
fxg6 22. Qh6+ Kg8 23. g5 Nh5 24. Ng3 Be8 25. Nxh5 gxh5 26. Qxd6 Qxd6 27. Rxd6
Rxc2 28. Rc1 Rxc1+ 29. Nxc1 Ba4 30. b3 Bb5 31. Rh6 Rc3 32. Rxh5 Be8 33. g6 Bxg6
34. Rxe5 Rxf3 35. Kc2 Re3 36. Kd2 Rxe4 37. Rxa5 h5 38. a3 h4 39. Rg5 Kf7 40.
axb4 h3 41. Rg1 Bh5 42. Rh1 Bg4 43. Rh2 Rxb4 44. Nd3 Rxb3 45. Ne5+ 1/2-1/2

[Event "Plzen, JF C"]
[Site "?"]
[Date "1998.??.??"]
[Round "9"]
[White "Stehlik, J."]
[Black "Tsimafeyevas, S."]
[Result "1-0"]
[WhiteElo "2140"]
[BlackElo "2015"]
[PlyCount "86"]
[EventDate "1998.??.??"]
[Source "ChessBase"]
[SourceDate "1996.11.15"]

1. Nf3 Nf6 2. d4 g6 3. g3 Bg7 4. c4 c6 5. Bg2 d5 6. Nbd2 O-O 7. O-O Nbd7 8. b3
Re8 9. Bb2 Nh5 10. e4 dxe4 11. Nxe4 f5 12. Neg5 e6 13. Re1 Ndf6 14. Ne5 h6 15.
Ngf3 g5 16. h3 Bf8 17. Qc2 Ne4 18. Nd2 Nxd2 19. Qxd2 Nf6 20. Rad1 a5 21. a3 Qb6
22. Qc2 Qc7 23. Re2 Nd7 24. Nd3 Rb8 25. Rde1 Kf7 26. d5 cxd5 27. Qc3 dxc4 28.
Qh8 Re7 29. Rxe6 Rxe6 30. Qh7+ Ke8 31. Rxe6+ Kd8 32. Qf7 Qd6 33. Rxd6 Bxd6 34.
bxc4 b6 35. Qxf5 Nc5 36. Qh7 Bd7 37. Qxh6 Kc7 38. Be5 Ne6 39. Bd5 Re8 40. Qg6
Re7 41. Qf6 Re8 42. Bxd6+ Kxd6 43. Qe5+ Ke7 1-0

[Event "Plzen, JF C"]
[Site "?"]
[Date "1998.??.??"]
[Round "9"]
[White "Krischke, A."]
[Black "Hroch, J."]
[Result "1/2-1/2"]
[WhiteElo "2165"]
[BlackElo "2035"]
[PlyCount "84"]
[EventDate "1998.??.??"]
[Source "ChessBase"]
[SourceDate "1996.11.15"]

1. c4 Nf6 2. Nc3 e6 3. Nf3 d5 4. d4 c6 5. cxd5 exd5 6. Bg5 Be7 7. Qc2 O-O 8. e3
Ne4 9. Bxe7 Qxe7 10. Nxe4 dxe4 11. Nd2 f5 12. Bc4+ Kh8 13. O-O Nd7 14. a3 Rf6
15. f4 Nb6 16. Rac1 Rh6 17. g3 Bd7 18. Bb3 Re8 19. Nc4 Nd5 20. Qe2 g5 21. Ne5
Be6 22. Bxd5 Bxd5 23. fxg5 Qxg5 24. Rf4 Rg8 25. Rcf1 Rf6 26. b4 a6 27. Qf2 h5
28. Kh1 Be6 29. Rh4 Kg7 30. Qf4 Qxf4 31. Rhxf4 Rd8 32. Rc1 Rh6 33. Kg2 Kf6 34.
h3 Ke7 35. Kh2 Rg8 36. Rg1 Rg7 37. h4 Rh8 38. Rf2 Rd8 39. Rc1 Rdg8 40. Rg2 Kd6
41. a4 Rc7 42. Rc3 Bd5 1/2-1/2

[Event "Plzen, JF C"]
[Site "?"]
[Date "1998.??.??"]
[Round "9"]
[White "Palkova, H."]
[Black "Eretova, J."]
[Result "1-0"]
[WhiteElo "2045"]
[BlackElo "2155"]
[PlyCount "53"]
[EventDate "1998.??.??"]
[Source "ChessBase"]
[SourceDate "1996.11.15"]

1. d4 e6 2. c4 d5 3. Nc3 Be7 4. Nf3 Nf6 5. Bg5 O-O 6. e3 h6 7. Bf4 c6 8. Qc2
Qa5 9. Nd2 Nbd7 10. Bd3 Re8 11. O-O Bf8 12. Nf3 dxc4 13. Bxc4 Nh5 14. Be5 Nxe5
15. dxe5 g6 16. g4 Ng7 17. Ne4 Rd8 18. Nf6+ Kh8 19. Bd3 Ne8 20. g5 hxg5 21.
Nxg5 Nxf6 22. Nxf7+ Kg7 23. Bxg6 Nd5 24. Bh5 Ne7 25. Qe4 Qd5 26. Qg4+ Kh7 27.
Rfd1 1-0

[Event "Plzen, JF C"]
[Site "?"]
[Date "1998.??.??"]
[Round "9"]
[White "Jenc, M."]
[Black "Hallerova, E."]
[Result "1/2-1/2"]
[WhiteElo "1845"]
[BlackElo "2145"]
[PlyCount "28"]
[EventDate "1998.??.??"]
[Source "ChessBase"]
[SourceDate "1996.11.15"]

1. e4 Nf6 2. e5 Nd5 3. d4 d6 4. Nf3 Bg4 5. Be2 e6 6. c4 Nb6 7. exd6 cxd6 8. Nc3
Be7 9. O-O O-O 10. Bf4 d5 11. c5 N6d7 12. b4 Nc6 13. b5 Na5 14. Rc1 Rc8 1/2-1/2

[Event "Plzen, JF C"]
[Site "?"]
[Date "1998.??.??"]
[Round "9"]
[White "Snaidr, J."]
[Black "Novacek, K."]
[Result "0-1"]
[WhiteElo "2100"]
[BlackElo "2095"]
[PlyCount "54"]
[EventDate "1998.??.??"]
[Source "ChessBase"]
[SourceDate "1996.11.15"]

1. d4 Nf6 2. c4 g6 3. Nc3 Bg7 4. e4 d6 5. Be2 O-O 6. Bg5 c5 7. Nf3 cxd4 8. Nxd4
Nc6 9. O-O h6 10. Be3 Nxd4 11. Bxd4 Be6 12. Rc1 Qa5 13. b4 Qxb4 14. Rb1 Qa5 15.
Rxb7 Rfb8 16. Qb3 Nd7 17. Bxg7 Rxb7 18. Qxb7 Rb8 19. Qc6 Kxg7 20. Nd5 Ne5 21.
Qc7 Qxc7 22. Nxc7 Bxc4 23. Bxc4 Nxc4 24. f3 Rb2 25. Rf2 Nd2 26. h4 Rxa2 27. Kh2
Rb2 0-1

[Event "Plzen, JF C"]
[Site "?"]
[Date "1998.??.??"]
[Round "9"]
[White "Hajek, J."]
[Black "Bantle, M."]
[Result "1/2-1/2"]
[WhiteElo "2055"]
[BlackElo "2040"]
[PlyCount "88"]
[EventDate "1998.??.??"]
[Source "ChessBase"]
[SourceDate "1996.11.15"]

1. e4 c5 2. Nf3 e6 3. b3 d6 4. Bb2 Nf6 5. Bb5+ Bd7 6. Bxd7+ Nbxd7 7. Nc3 a6 8.
O-O Be7 9. Qe2 O-O 10. d3 b5 11. e5 dxe5 12. Nxe5 Nxe5 13. Qxe5 Nd7 14. Qh5 Bf6
15. Rae1 Bd4 16. Nd1 Nf6 17. Qg5 Bxb2 18. Nxb2 h6 19. Qg3 Qd4 20. Nd1 Rfd8 21.
Ne3 Rd7 22. Qf3 Rad8 23. g3 Qd6 24. Ra1 Qb6 25. a4 Ra7 26. Ra2 Nd5 27. axb5
axb5 28. Rfa1 Rxa2 29. Rxa2 Nc3 30. Ra1 Qc7 31. Ra6 Nd5 32. Qe4 Qb7 33. Ra5 Qb6
34. Ra1 Nc3 35. Qf3 Qc7 36. Kf1 Nd5 37. Ke2 Nb4 38. Ra8 Nc6 39. Rxd8+ Nxd8 40.
Qa8 Kh7 41. f4 Nc6 42. Kd2 Qd7 43. Kd1 h5 44. Kd2 g6 1/2-1/2

[Event "Plzen, JF C"]
[Site "?"]
[Date "1998.??.??"]
[Round "9"]
[White "Vojir, V jn"]
[Black "Gruss, H."]
[Result "1-0"]
[WhiteElo "1800"]
[BlackElo "1860"]
[PlyCount "72"]
[EventDate "1998.??.??"]
[Source "ChessBase"]
[SourceDate "1996.11.15"]

1. d4 Nf6 2. c4 g6 3. Nc3 Bg7 4. e4 d6 5. f3 O-O 6. Be3 e5 7. d5 c6 8. Qd2 cxd5
9. cxd5 Nh5 10. Bg5 f6 11. Bh6 f5 12. Bg5 Bf6 13. Bh6 Bg7 14. Bxg7 Nxg7 15. Bd3
Nd7 16. Rc1 a5 17. Nge2 Nc5 18. Bb1 Qh4+ 19. Kd1 Bd7 20. Ng3 f4 21. Nge2 b5 22.
Bd3 Rfb8 23. b3 b4 24. Nb1 a4 25. Bc4 Ne8 26. Rc2 Nc7 27. Qe1 Qh5 28. h4 N7a6
29. Kd2 Nc7 30. Qg1 axb3 31. Bxb3 Nb5 32. g4 fxg3 33. Qxg3 Rf8 34. Ke3 Rf6 35.
Nd2 Raf8 36. Qg5 Qxg5+ 1-0

[Event "Plzen, JF C"]
[Site "?"]
[Date "1998.??.??"]
[Round "9"]
[White "Voehringer, A."]
[Black "Foglar, S."]
[Result "1/2-1/2"]
[WhiteElo "2010"]
[BlackElo "2065"]
[PlyCount "110"]
[EventDate "1998.??.??"]
[Source "ChessBase"]
[SourceDate "1996.11.15"]

1. e4 c5 2. c3 d6 3. d4 Nf6 4. dxc5 Nc6 5. Bb5 Nxe4 6. cxd6 Nxd6 7. Ba4 Qb6 8.
Nf3 Bg4 9. O-O O-O-O 10. Be3 Qc7 11. h3 Bh5 12. Qd5 f5 13. Bxc6 bxc6 14. Qe6+
Kb8 15. Ne5 Be8 16. Nd2 h6 17. Nb3 Qc8 18. Nc5 g5 19. Bd4 Rh7 20. Qg8 Rf7 21.
Nxf7 Bxf7 22. Qh8 Bd5 23. Qe5 Ka8 24. b3 Nf7 25. Qe2 e5 26. Bxe5 Bxc5 27. Bd4
Bxd4 28. cxd4 Re8 29. Qd2 f4 30. f3 Nd6 31. Rfe1 Nf5 32. Rxe8 Qxe8 33. Rc1 Qe3+
34. Qxe3 Nxe3 35. Kf2 Kb7 36. g3 Nf5 37. gxf4 gxf4 38. Rg1 Nxd4 39. Rg4 Nxf3
40. Rxf4 Ne5 41. Ke3 Kb6 42. Rf6 Nf7 43. Kd4 a5 44. h4 a4 45. Kc3 axb3 46. axb3
Kb5 47. Rf5 Kc5 48. Rf6 Kb6 49. b4 Kc7 50. Kd4 Kd7 51. b5 Nd6 52. bxc6+ Bxc6
53. Ke5 Nc4+ 54. Kd4 Nd6 55. Ke5 Nc4+ 1/2-1/2

[Event "Plzen, JF C"]
[Site "?"]
[Date "1998.??.??"]
[Round "9"]
[White "Mitzka, F."]
[Black "Kalista, K."]
[Result "1-0"]
[WhiteElo "2035"]
[BlackElo "1910"]
[PlyCount "81"]
[EventDate "1998.??.??"]
[Source "ChessBase"]
[SourceDate "1996.11.15"]

1. e4 g6 2. c4 Bg7 3. d4 d6 4. Nc3 Nf6 5. Nf3 O-O 6. Be2 c5 7. O-O cxd4 8. Nxd4
Nbd7 9. Nb3 b6 10. f4 Bb7 11. Bf3 Rc8 12. Qe2 a6 13. Be3 Qc7 14. Nd2 Nc5 15.
Rac1 Qb8 16. Kh1 e6 17. Rfd1 Qa8 18. Bg1 d5 19. Bxc5 bxc5 20. exd5 exd5 21.
cxd5 Nxd5 22. Nxd5 Bxd5 23. Bxd5 Qxd5 24. Nc4 Qc6 25. Rd6 Rce8 26. Qc2 Qe4 27.
Qxe4 Rxe4 28. g3 Re2 29. Rd2 Rfe8 30. Rcc2 Re1+ 31. Kg2 Bd4 32. b4 Rg1+ 33. Kh3
Kg7 34. Nd6 Re6 35. bxc5 Be3 36. Rd3 f5 37. c6 g5 38. Nxf5+ Kg6 39. Rxe3 Rxe3
40. Nxe3 h6 41. c7 1-0